La corte y sus intrigas (Record no. 157590)

MARC details
000 -LEADER
campo de control de longitud fija 00830nam a2200217 i 4500
001 - NÚMERO DE CONTROL
campo de control 157590
003 - IDENTIFICADOR DE NÚMERO DE CONTROL
campo de control ES-MaACL
005 - FECHA Y HORA DE LA ÚLTIMA TRANSACCIÓN
campo de control 20251207155133.0
008 - DATOS DE LONGITUD FIJA--INFORMACIÓN GENERAL
campo de control de longitud fija 010523s1849 sp |||| | spa d
040 ## - FUENTE DE CATALOGACIÓN
Centro catalogador/agencia de origen CAM
Lengua de catalogación spa
Centro/agencia transcriptor CAM
080 ## - NÚMERO DE LA CLASIFICACIÓN DECIMAL UNIVERSAL
Número de la Clasificación Decimal Universal 821.134.2-31"18"
100 1# - ENTRADA PRINCIPAL--NOMBRE DE PERSONA
Nombre de persona Lesen y Moreno, José.
9 (RLIN) 128901
245 13 - MENCIÓN DEL TÍTULO
Título La corte y sus intrigas
Resto del título : novela histórica original /
Mención de responsabilidad, etc. de José Lesen y Moreno ; publicada por J. Ruiz de Morales.
260 ## - PUBLICACIÓN, DISTRIBUCIÓN, ETC.
Lugar de publicación, distribución, etc. Madrid :
Nombre del editor, distribuidor, etc. [s.n.],
Fecha de publicación, distribución, etc. 1849 (
Fabricante Imprenta del Colegio de Sordo-Mudos y Ciegos)
300 ## - DESCRIPCIÓN FÍSICA
Extensión 352 p. :
Otras características físicas il. ;
Dimensiones 22 cm.
530 ## - NOTA DISPONIBLE DE FORMULARIO FÍSICO ADICIONAL
Nota de formato físico adicional disponible Disponible en formato digital.
700 2# - ENTRADA AGREGADA--NOMBRE PERSONAL
Nombre de persona Ruíz de Morales, J.
9 (RLIN) 132213
852 ## - LOCALIZACIÓN
Ubicación ES-MaACL
Número de control de estantería G-9794
Nota libre -- Enc. hol.
856 ## - LOCALIZACIÓN Y ACCESO ELECTRÓNICOS
Identificador Uniforme de Recursos <a href="http://bdh-rd.bne.es/viewer.vm?id=0000140997&page=1 ">http://bdh-rd.bne.es/viewer.vm?id=0000140997&page=1 </a>
Nota pública Biblioteca Digital Hispánica
Holdings
Estatus retirado Estado de pérdida Estado de daño No para préstamo Colección Biblioteca de origen Biblioteca actual Ubicación en estantería Fecha de adquisición Fuente de adquisición Total de préstamos Signatura topográfica completa Código de barras Visto por última vez Precio de reemplazo Tipo de ítem Koha
        Colección digital Biblioteca del Ateneo de Madrid Biblioteca del Ateneo de Madrid Sala Pecera Planta 3 17/01/2008     G-9794 1164913 23/02/2023 23/02/2023 Libro impreso antiguo